000 00762nam a2200241Ia 4500
003 OSt
005 20220925235512.0
006 a|||||r|||| 00| 0
007 ta
008 220923b |||||||| |||| 00| 0 eng d
020 _a9788184502886
_c2252.5
037 _b11, 19/08/2010, Kamana Book Distributers
_cGeneral Book
040 _aRTL
_cRTL
_beng
041 _2eng
_aeng
082 _aX:8:(S:44)y7, Q0
100 _aBHATIA S.K
245 0 _aCase studies in organisation structure and behaviour
260 _a New Delhi
_bDeep & Deep Publicatios
_c2010
300 _axxix, 503p
_ccm.
650 _aCommerce
942 _hX:8:(S:44)y7, Q0
_cGB
_2CC
999 _c597415
_d597415